| 000 | 01740cam a22004695i 4500 | ||
|---|---|---|---|
| 001 | 23086486 | ||
| 005 | 20240305165708.0 | ||
| 006 | m o d | ||
| 007 | cr un ---uuuua | ||
| 008 | 220519t20222022enk ob 001 0 eng d | ||
| 010 | _a 2022367075 | ||
| 015 |
_aGBC290116 _2bnb |
||
| 016 | 7 |
_a020621435 _2Uk |
|
| 020 |
_a9780854902934 _q(hardcover) |
||
| 020 |
_a0854902937 _q(hardcover) |
||
| 035 | _a42488 | ||
| 040 |
_aUtOrBLW _beng _erda _cUtOrBLW |
||
| 042 | _alccopycat | ||
| 043 | _ae-uk--- | ||
| 050 | 4 |
_aKD2517.T67 _bC43 2022 |
|
| 082 | 0 | 4 |
_a341.75 _223 |
| 097 | 0 | 0 |
_aKD2517.T67 _bS24 2022 |
| 100 | 1 |
_aChapman, Matthew, _d1971- _eauthor. _1https://isni.org/isni/0000000041805842 |
|
| 245 | 1 | 0 | _aSaggerson on travel law and litigation. |
| 246 | 3 | 0 | _aTravel law and litigation |
| 250 |
_aSeventh edition / _bMatthew Chapman QC [and five others]. |
||
| 264 | 1 |
_aLondon : _bWildy, Simmonds & Hill Publishing, _c2022. |
|
| 264 | 4 | _c ©2022 | |
| 300 | _a1 online resource (lxxviii, 793 pages) | ||
| 336 |
_atext _btxt _2rdacontent |
||
| 337 |
_acomputer _bc _2rdamedia |
||
| 338 |
_aonline resource _bcr _2rdacarrier |
||
| 500 | _aPrevious edition: published as "Travel law and litigation" by Matthew Chapman, Sarah Prager and Jack Harding. 2017. | ||
| 504 | _aIncludes bibliographical references and index. | ||
| 650 | 0 |
_aTravel _xLaw and legislation _zGreat Britain. |
|
| 650 | 0 |
_aTourism _xLaw and legislation _zGreat Britain. |
|
| 650 | 0 |
_aActions and defenses _zGreat Britain. |
|
| 700 | 1 |
_aSaggerson, Alan. _tTravel law and litigation. |
|
| 700 | 1 |
_aChapman, Matthew, _d1971- _tSaggerson on travel law and litigation. _sSixth edition. |
|
| 856 | 4 | 0 | _uhttps://app.vlex.com/#/sources/42488 |
| 942 | _cRAA | ||
| 999 |
_c173821 _d173821 |
||